000 00697nam a2200205Ia 4500
003 GCL
008 140319s9999 xx 000 0 ara d
020 _a5003364977
040 _aGCL /
_cGCL
082 0 4 _a371.95
_bر ر
100 1 _aريم، سيلفيا
245 1 0 _aرعاية الموهوبين :
_bارشادات لللآباء والمعلمين /
_cريم، سيلفيا
260 _aالقاهرة :
_bدار الرشاد ،
_c2003
300 _a367 ص ؛
_c24 سم
490 _aسلسلة ذوى الاحتياجات الخاصة
_v4
650 0 4 _aالموهوبون
650 0 4 _aالاطفال الموهوبون
650 0 4 _aالاطفال كفنانين
942 _2ddc
_cBK
999 _c5183
_d5183